LEADER 02721nam a2200409 u 4500 001 000000005739 003 CaOOAMICUS 005 20070226104809.0 008 940514m19801981it a u000 u ita u 035 $a10146221 040 $aPUL(R)$bita 100 1 $aNegri, Antimo,$d1923-$0(OLS)http://pul/name/5795 245 10$aFilosofia del lavoro :$bstoria antologica /$cAntimo Negri. 260 $aMilano :$bMarzorati,$c1980-1981. 300 $a7 v. :$bcol. ill. ;$c24 cm 504 $aBibliografia in nota. 505 0 $av. 1. Dalle civiltà orientali al pensiero cristiano antico -- v. 2. Dal Medioevo al Settecento preilluministico -- v. 3-4. Dall'illuminismo al socialismo scientifico -- v. 5-6. Tra secondo Ottocento e Novecento -- v. 7. Novecento, ambiti problematici collaterali o affini. 650 4$aLavoro$xFilosofia e psicologia.$0(OLS)http://pul/subject/5218 650 0$aWork$xHistory.$2//eng$0(OLS)http://pul/subject/5219 850 $aPUL 852 $aPUL$W1$xDP1 Cons. Gen., Altre Classi 1$y22$m46 M 40-46$j8048$nBK-PRI$b $qStampati$B8048$CPULBib$Z2$F8048 $H $81 852 $aPUL$W1$xDP1 Cons. Gen., Altre Classi 1$y22$m46 M 40-46$j8048$nBK-PRI$b $qStampati$B8049$CPULBib$Z2$F8049 $H $81 852 $aPUL$W1$xDP1 Cons. Gen., Altre Classi 1$y22$m46 M 40-46$j8048$nBK-PRI$b $qStampati$B8050$CPULBib$Z2$F8050 $H $81 852 $aPUL$W1$xDP1 Cons. Gen., Altre Classi 1$y22$m46 M 40-46$j8048$nBK-PRI$b $qStampati$B8051$CPULBib$Z2$F8051 $H $81 852 $aPUL$W1$xDP1 Cons. Gen., Altre Classi 1$y22$m46 M 40-46$j8048$nBK-PRI$b $qStampati$B8052$CPULBib$Z2$F8052 $H $81 852 $aPUL$W1$xDP1 Cons. Gen., Altre Classi 1$y22$m46 M 40-46$j8048$nBK-PRI$b $qStampati$B8053$CPULBib$Z2$F8053 $H $81 852 $aPUL$W1$xDP1 Cons. Gen., Altre Classi 1$y22$m46 M 40-46$j8048$nBK-PRI$b $qStampati$B8054$CPULBib$Z2$F8054 $H $81 941 1 $a8 961 $aINV: 65085-65086-65087-65088-65090-65089-65091 961 $aINV: 65085-65086-65087-65088-65090-65089-65091 961 $aINV: 65085-65086-65087-65088-65090-65089-65091 961 $aINV: 65085-65086-65087-65088-65090-65089-65091 961 $aINV: 65085-65086-65087-65088-65090-65089-65091 961 $aINV: 65085-65086-65087-65088-65090-65089-65091 961 $aINV: 65085-65086-65087-65088-65090-65089-65091 996 $6245$aFilosofia del lavoro :$bstoria antologica$9(OLS)http://pul/title/8419 996 $6260$aMilano :$bMarzorati$9(OLS)http://pul/publisher/49236 LEADER 01130nam a2200253 u 4500 001 000000069201 003 CaOOAMICUS 005 20070226121901.0 008 020409s1876 fr u000 u fre u 035 $a10925976 040 $aPUL(R)$bita 100 1 $aDe la Rocheterie, Maxime.$0(OLS)http://pul/name/46000 245 13$aLe 21 janvier 1793 /$cpar Maxime De La Rocheterie. 260 $aParis :$bLibrairie de la Société Bibliographique,$c1876. 300 $a36 p. ;$c18 cm 490 1 $aBrochures populaires sur la révolution française ;$v9 651 4$aFrancia$xStoria$yRivoluzione, 1789-1799.$0(OLS)http://pul/subject/5918 830 0$aBrochures populaires sur la révolution française ;$v9.$0(OLS)http://pul/title/91386 850 $aPUL 852 $aPUL$W1$xDP1 Antico 800$y27$m124 E 32$j89498$nBK-PRI$b $qStampati Antico$B89508$CPULBib$Z2$F89508 $H $81 941 1 $a15 961 $aINV: Rilegato con altri volumi 996 $6245$aLe 21 janvier 1793$9(OLS)http://pul/title/91396 996 $6260$aParis :$bLibrairie de la Société Bibliographique$9(OLS)http://pul/publisher/51812